Statystyki dla Odgadnij o które województwo chodzi

Kliknij tutaj aby rozwiązać quiz!

Ogólne statystyki

  • Ten quiz został rozwiązany 48 razy
  • Średni wynik to 11 z 16

Statystyki odpowiedzi

HintOdpowiedź% Poprawnych
Ojciec Mateusz, Europejskie centrum bajkiświętokrzyskie
81%
Dziczpodlaskie
79%
Pierwsza stolicawielkopolskie
79%
Klub z pewnego miasta w tym województwie wygrał
ekstraklase w 2011/12
dolnośląskie
76%
Parki wodne, Zamek Książąt, Mielnozachodniopomorskie
76%
Włókiennictwo, najbrzydszełódzkie
74%
Słynie z upraw rolnychlubelskie
74%
Kampinowski Park Narodowymazowieckie
74%
Ciągnie się od Malborka do Miastkapomorskie
74%
Najwyżej położony punkt w Polscemałopolskie
71%
Kostrzyn, najmniej zaludnionelubuskie
69%
Fryderyk Chopin, Sanok, Krosnopodkarpackie
69%
Wieża Piastowska, jest najmniejszeopolskie
67%
Najbardziej zaludnioneśląskie
67%
Znane jako "Zielone płuca Polski:"warmińsko-mazurskie
64%
Marcin Wrzosek, kiedyś były to 3 inne województwakujawsko-pomorskie
50%

Rozkład punktacji

Percentyl według liczby udzielonych odpowiedzi

Procent ludzi z każdym wynikiem

Twoja historia wyników

Nie rozwiązałeś tego quizu